000 00458nam a2200169 a 4500
005 20140412111310.0
008 001109s19uu xx 00 eng d
020 _a0-590-53598-6
050 _aTR(PS E
_bGo59 1994
100 _aRathman, Peggy
245 _aGood night, Gorilla /
_cPeggy Rathman.
260 _aNew York :
_bScholastic Inc,
_c1994.
300 _a1v. (unp.) ; ill.
650 _aZoo--Fiction
650 _aChildren stories
999 _c103944
_d103944